| 000 | 01359nam a2200313 a 4500 | ||
|---|---|---|---|
| 001 | ebr10170018 | ||
| 003 | CaPaEBR | ||
| 006 | m u | ||
| 007 | cr cn||||||||| | ||
| 008 | 020730s2003 ctuab sb 001 0 eng | ||
| 020 | _z0300092911 (alk. paper) | ||
| 040 |
_aCaPaEBR _cCaPaEBR |
||
| 035 | _a(OCoLC)191932622 | ||
| 043 | _ae-ur--- | ||
| 050 | 1 | 4 |
_aPN1993.5.R9 _bW53 2003eb |
| 082 | 0 | 4 |
_a791.43/0947 _221 |
| 100 | 1 |
_aWiddis, Emma, _d1970- |
|
| 245 | 1 | 0 |
_aVisions of a new land _h[electronic resource] : _bSoviet film from the Revolution to the Second World War / _cEmma Widdis. |
| 260 |
_aNew Haven : _bYale University Press, _cc2003. |
||
| 300 |
_axi, 258 p. : _bill., maps. |
||
| 504 | _aIncludes bibliographical references (p. 223-249) and index. | ||
| 505 | 0 | _aProjecting -- Connecting -- Feeling -- Decentring -- Exploring -- Travelling -- Conquest -- Mapped? | |
| 533 |
_aElectronic reproduction. _bPalo Alto, Calif. : _cebrary, _d2013. _nAvailable via World Wide Web. _nAccess may be limited to ebrary affiliated libraries. |
||
| 650 | 0 |
_aMotion pictures _zSoviet Union _xHistory. |
|
| 651 | 0 |
_aSoviet Union _xIn motion pictures. |
|
| 655 | 7 |
_aElectronic books. _2local |
|
| 710 | 2 | _aebrary, Inc. | |
| 856 | 4 | 0 |
_uhttp://site.ebrary.com/lib/rucke/Doc?id=10170018 _zAn electronic book accessible through the World Wide Web; click to view |
| 999 |
_c246657 _d246657 |
||